Währungen nach Symbol - Statistiken

Allgemein
  • Dieses Quiz wurde 1.535 mal gespielt
    1.459 seit der letzten Aktualisierung
  • Das Durchschnittsergebnis liegt bei 7 aus 11
Antwortstatistiken
Währungszeichen Währung % Korrekt
Euro
100%
$ Dollar / Peso
96%
£ Britisches Pfund
94%
CHF Schweizer Franken
91%
¥ Yen / Yuan
91%
kr. Dänische Krone
75%
Bitcoin
67%
Złoty
66%
Russischer Rubel
24%
Türkische Lira
24%
Rupie
17%
Keine übereinstimmenden Quizze gefunden
Verteilung der Resultate
Anzahl Personen mit jedem Resultat
Perzentil nach korrekt beantworteten Fragen
Ihre Resultats-Entwicklung
Sie haben dieses Quiz seit der letzten Aktualisierung nicht gespielt